000 00657nam a22001817a 4500
003 UA-OsUOA
001 13592
007 ta
008 20030610b un ||||| |||| 00| 0 ukr d
100 _aКовальчук В.
942 _cSA
040 _aUA-OsUOA
_cUA-OsUOA
_dUA-OsUOA
245 _aСпільними зусиллями
_b[Про соц.-екон. програму розвитку Острога, програму "Учитель" та їх впровадження]
300 _aС.2
955 _a0
773 0 _w0
_tВісті Рівненщини
_dРівне
_d2003
_g№41/21 трав./
650 7 _aКраєзнавча робота
_2UDC
999 _c299753
_d299753